Quizzes
Events
Quiz Creation
Community
Videos
Private Events
Remove Ads
Sign In
Join for FREE
Feedback
Dark Mode
Quiz Categories
Sports
Geography
Music
Movies
Television
Just For Fun
Miscellaneous
History
Literature
Language
Science
Gaming
Entertainment
Religion
Holiday
For Kids
Quiz Lab
Recent
Popular Today
Quiz Kudos Today
Editor Picks
Curator Picks
Quizzes by...
Day
Popularity
Type
Ratings
Length
Year
Community
Subscriptions
Recent Discussions
Orange Saloon
Badges
Playlists
Quests
Create
Leaderboards
Showdown
Live 5
Trivia Bingo
Activity
Puzzle Library
Sporcle Events
Private Events
Virtual Trivia
Globe League
Become a Host
Pub Owners
SporcleCon
Opinionation
Our Games
Videos
Blog
Mobile Apps
Partnerships
Remove Ads and Go Orange
Feedback
Sports
Athletes
MLB
NBA
NHL
NFL
Soccer
Sports Teams
WWE
NCAA
Football
Premier League
Basketball
Baseball
Hockey
Golf
Tennis
Cricket
Rugby
Auto Racing
Olympics
World Cup
Sports
Athletes
MLB
NBA
NHL
NFL
Soccer
Sports Teams
WWE
NCAA
Football
Premier League
Basketball
Baseball
Hockey
Golf
Tennis
Cricket
Rugby
Auto Racing
Olympics
World Cup
Random Quiz
Search Sporcle
×
Quiz Lab
Quiz Lab
Sports
NFL
Type in answers that appear in a list
Type in answers that appear in a list
Classic
Best Score? Go Orange.
2009 Week 1 NFL QBs Stats
Can you name the starting quarterbacks for Week 1 of the 2009 NFL regular season?
By
jl42662
7m
32 Questions
360 Plays
360 Plays
360 Plays
Comments
Comments
Give Quiz Kudos
Give Quiz Kudos
-
- Ratings
hide this ad
Replay
Link that replays current quiz
Next Quiz
Link to next quiz in quiz playlist
You Got
0%
They Got
Avg Score
92%
Avg Friend Score
Upgrade to see
Score Distribution
Jump to the score distribution portion of the page
Score
0/32
Timer
07:00
0
Plays Today
Team
Quarterback
% Correct
Arizona Cardinals
Kurt Warner
99.4%
Indianapolis Colts
Peyton Manning
99.2%
New York Giants
Eli Manning
99.2%
New England Patriots
Tom Brady
98.6%
Minnesota Vikings
Brett Favre
98.3%
Philadelphia Eagles
Donovan McNabb
98.3%
Dallas Cowboys
Tony Romo
97.8%
New Orleans Saints
Drew Brees
97.5%
Green Bay Packers
Aaron Rodgers
96.1%
New York Jets
Mark Sanchez
96.1%
Chicago Bears
Jay Cutler
95.8%
Atlanta Falcons
Matt Ryan
95.5%
Cincinnati Bengals
Carson Palmer
95.5%
Baltimore Ravens
Joe Flacco
95.3%
San Diego Chargers
Philip Rivers
95.3%
Detroit Lions
Matthew Stafford
94.4%
Team
Quarterback
% Correct
Pittsburgh Steelers
Ben Roethlisberger
94.4%
Denver Broncos
Kyle Orton
94.2%
Carolina Panthers
Jake Delhomme
93.6%
Seattle Seahawks
Matt Hasselbeck
93.6%
Tennessee Titans
Kerry Collins
91.4%
Houston Texans
Matt Schaub
91.1%
Cleveland Browns
Brady Quinn
89.7%
Miami Dolphins
Chad Pennington
89.7%
Oakland Raiders
JaMarcus Russell
89.7%
Kansas City Chiefs
Brodie Croyle
89.1%
Washington Redskins
Jason Campbell
88.6%
St Louis Rams
Marc Bulger
87.7%
Jacksonville Jaguars
David Garrard
86.1%
Buffalo Bills
Trent Edwards
85.8%
San Francisco 49ers
Shaun Hill
67.4%
Tampa Bay Buccaneers
Byron Leftwich
60.2%
Quiz Playlist
Details
Report
Send in Message
Add To Playlist
Classic:
Type in answers that appear in a list
Quiz Source
Last Updated: Feb 16, 2017
Quiz Scoreboard
CHALLENGE
Sign Up to Join the Scoreboard
Show All
Scores
Hide
Comments
May contain spoilers
Recently Published
Pick 6: Fruits
by JohnFran
Miscellaneous
15s
Click the 1999 NBA Draft
by nibperrychub
Sports
2m
Alphabetical 'K' Countries by Flag Minefield
by ylime102
Geography
3m
More to Explore
Quiz From the Vault
Featured Blog Post
15 Basketball Trivia Facts You Can Be March Mad About
hide this ad
You Might Also Like...
Tags
NFL Quiz
2009
Quarterbacks
regular
season
Starting
team
Week
Week 1
Today's Top Quizzes in Sports
Browse Sports
hide this ad
Today's Top Quizzes in NFL
Browse NFL
Top Contributed Quizzes in Sports
1
Pick 6: NFL Teams
2
MLB 2 truths and a lie: Hall of Fame pitchers
3
Les joueurs à 100 buts en Ligue 1 Uber Eats
4
Don't Strike Out: 3000 Strikeouts
5
Criteria MLB: Left Handed Sluggers
6
Pick 6: Minor League Baseball
7
2022 World Cup Stars
8
Click the 1998 NBA Draft
9
Millionaire: NBA Finals Edition
10
MLB Players with Two .350 Batting Average Seasons
Explore More
Trending Topics
NBA
Disney
Marvel
Harry Potter
Anime
Kpop
Crossword
Pokémon
Puzzle
Country
WWE
The Office
Soccer
NFL
Song
hide this ad
More By:
jl42662
Quiz
Plays
Rating
Category
Featured
Created
Civilization IV Cities
882
4.71
Gaming
Jun 15, 2010
2009 Week 1 NFL Running Backs
545
4.00
Sports
Sep 28, 2009
Civilization IV Leaders by Picture
496
4.20
Gaming
Mar 12, 2010
2009 Week 1 NFL QBs
360
3.50
Sports
Sep 28, 2009
Go to Creator's Profile
Score Distribution
Quiz Creator Spotlight
jl42662
Follow
Send a Message
Quizzes Created
-
Created Quiz Play Count
-
More By This Creator
Popular Quizzes Today
1
Find the US States - No Outlines Minefield
2
Countries of Asia Without Outlines Minefield
3
Pick 6: Fruits
4
The Countries of the World
5
Alphabetical 'K' Countries by Flag Minefield
6
Find the US States
7
Match the Book to the Film X
8
Click the 1999 NBA Draft
More Sports Quizzes
All-Star Game Starting Pitchers for Both Leagues
Published
Trending Quizzes
Pick 6: Harry Potter
Pick 6: Mountains
Pick 6: NFL Teams
Pick 6: Movie Franchises
Pick 6: Golfers
Recently Updated
Women's Final Four Teams by Year
bhenderson79
Presidents Quartet II
eogle
Anything But Clue(do)
eogle
Anything But Oceanian Capitals
eogle
Anything But 7
eogle
Anything But Thing
eogle
Word Ladder: February 29
pecheneg
Song Title Questions
pecheneg
Women's NCAA Tournament #1 Seeds
pecheneg
Celebrity Mug Shots
pecheneg
Trending Topics
NBA
Anime
Harry Potter
Disney
Kpop
Marvel
Crossword
Pokémon
NFL
Puzzle
WWE
The Office
Song
Soccer
Country
Your Account Isn't Verified!
In order to create a playlist on Sporcle, you need to verify the email address you used during registration. Go to your
Sporcle Settings
to finish the process.
Report this User
Report this user for behavior that violates our
Community Guidelines
.
Details:
Send Report
Go to the Sporcle.com Mobile Site →
Comments